[Event "ENG-ch Senior Over 65"]
[Site "Kenilworth"]
[Date "2025.04.25"]
[Round "3.6"]
[White "Spanton, Tim R"]
[Black "Leeson, Chris JP"]
[Result "1/2-1/2"]
[WhiteElo "1922"]
[BlackElo "1750"]
[PlyCount "88"]
[EventDate "2025.04.24"]
[EventType "swiss"]
[EventRounds "7"]
[EventCountry "ENG"]
[SourceTitle "BritBase"]
[Source "John Saunders"]
[SourceDate "1997.08.31"]
[SourceVersion "1"]
[SourceVersionDate "1997.08.31"]
[SourceQuality "1"]

1. e4 e5 2. Nf3 Nf6 3. Nxe5 d6 4. Nf3 Nxe4 5. d3 Nf6 6. d4 c6 7. Bd3 Be7 8. O-O O-O 9. h3 h6 10. Nh4 d5 11. Nf5 Bxf5 12. Bxf5 Nbd7 13. Nd2 Qc7 14. Nf3 Bd6 15. Be3 Bf4 16. Re1 Rae8 17. Qd2 Bxe3 18. Rxe3 Rxe3 19. Qxe3 Re8 20. Qd2 Ne4 21. Bxe4 Rxe4 22. Re1 Rxe1+ 23. Qxe1 Kf8 24. Qb4+ Ke8 25. Qa3 a6 26. Qd3 Qf4 27. Qe2+ Kf8 28. c3 Qf5 29. a3 Qe6 30. Qxe6 fxe6 31. Kf1 Ke7 32. Ke2 Kf6 33. Ke3 g5 34. h4 g4 35. Nh2 Kf5 36. Nf1 e5 37. Ng3+ Ke6 38. dxe5 Nxe5 39. Kf4 c5 40. b3 b5 41. Nf5 Nd3+ 42. Kxg4 Nxf2+ 43. Kf4 Nd3+ 44. Kg4 Nf2+ 1/2-1/2

[Event "ENG-ch Senior Over 65"]
[Site "Kenilworth"]
[Date "2025.04.25"]
[Round "3.7"]
[White "Tucker, David S"]
[Black "Myall, Ivan J"]
[Result "0-1"]
[WhiteElo "1904"]
[BlackElo "1913"]
[PlyCount "72"]
[EventDate "2025.04.24"]
[EventType "swiss"]
[EventRounds "7"]
[EventCountry "ENG"]
[SourceTitle "BritBase"]
[Source "John Saunders"]
[SourceDate "1997.08.31"]
[SourceVersion "1"]
[SourceVersionDate "1997.08.31"]
[SourceQuality "1"]

1. e4 e5 2. Nf3 Nc6 3. Bb5 Bc5 4. c3 Nge7 5. O-O Bb6 6. d4 exd4 7. cxd4 d5 8. e5 O-O 9. h3 h6 10. Nc3 Be6 11. Na4 Qc8 12. Nxb6 axb6 13. Re1 Ra5 14. a4 Nd8 15. Bd2 Ra7 16. Qb3 c5 17. Rac1 c4 18. Qa3 Ndc6 19. b3 Rd8 20. bxc4 dxc4 21. Bxc4 Bxc4 22. Rxc4 b5 23. Rc5 bxa4 24. Be3 Nd5 25. Nd2 Qe6 26. Ne4 Nxe3 27. fxe3 b6 28. Rb5 Ne7 29. Reb1 Ra6 30. Nd6 Rb8 31. e4 Nc8 32. Rd5 Nxd6 33. Rxd6 Qc4 34. Rb4 Qc2 35. d5 Rc8 36. Rdxb6 Qc5+ 0-1

[Event "ENG-ch Senior Over 65"]
[Site "Kenilworth"]
[Date "2025.04.25"]
[Round "3.8"]
[White "Snape, Ian L"]
[Black "Bellers, Chris JV"]
[Result "1-0"]
[WhiteElo "2098"]
[BlackElo "1926"]
[PlyCount "97"]
[EventDate "2025.04.24"]
[EventType "swiss"]
[EventRounds "7"]
[EventCountry "ENG"]
[SourceTitle "BritBase"]
[Source "John Saunders"]
[SourceDate "1997.08.31"]
[SourceVersion "1"]
[SourceVersionDate "1997.08.31"]
[SourceQuality "1"]

1. d4 g6 2. e4 Bg7 3. Nf3 c5 4. d5 a6 5. a4 d6 6. Be2 Nf6 7. Nc3 O-O 8. O-O Bg4 9. Nd2 Bxe2 10. Qxe2 e6 11. Nc4 exd5 12. exd5 Re8 13. Qf3 Bf8 14. Bg5 Be7 15. Rfe1 Nbd7 16. Nxd6 Bxd6 17. Rxe8+ Qxe8 18. Bxf6 Nxf6 19. Qxf6 Qe5 20. Qxe5 Bxe5 21. Kf1 Kf8 22. Ne4 Rc8 23. c4 h6 24. Rd1 Ke8 25. b3 Kd7 26. g3 g5 27. f3 a5 28. Re1 f6 29. g4 b6 30. Ng3 Rh8 31. Kg2 Rh7 32. Re4 Kd6 33. Nh5 Re7 34. f4 Bd4 35. Rxe7 Kxe7 36. Kf3 gxf4 37. Nxf4 Kf7 38. Ke4 Bc3 39. Kf5 Be5 40. h3 Bd6 41. Nd3 Bc7 42. Nf2 Bg3 43. Ne4 Be5 44. h4 Bd4 45. d6 Be5 46. d7 Ke7 47. Nxf6 Bg3 48. g5 hxg5 49. hxg5 1-0

[Event "ENG-ch Senior Over 65"]
[Site "Kenilworth"]
[Date "2025.04.25"]
[Round "3.9"]
[White "Neatherway, A Philip"]
[Black "Bonafont, Philip R"]
[Result "0-1"]
[WhiteElo "1761"]
[BlackElo "1976"]
[PlyCount "60"]
[EventDate "2025.04.24"]
[EventType "swiss"]
[EventRounds "7"]
[EventCountry "ENG"]
[SourceTitle "BritBase"]
[Source "John Saunders"]
[SourceDate "1997.08.31"]
[SourceVersion "1"]
[SourceVersionDate "1997.08.31"]
[SourceQuality "1"]

1. e4 c6 2. d4 d5 3. exd5 cxd5 4. c4 Nf6 5. Nc3 Nc6 6. Nf3 a6 7. cxd5 Nxd5 8. Bc4 Be6 9. Bd3 g6 10. O-O Bg7 11. Be3 O-O 12. Qd2 Qb6 13. Be2 Rad8 14. Rfd1 Bf5 15. Bh6 Nf6 16. Bxg7 Kxg7 17. Rac1 Rd6 18. Qf4 Rfd8 19. d5 Nxd5 20. Nxd5 Rxd5 21. Rxd5 Rxd5 22. Bc4 e5 23. Qh4 Qxb2 24. Re1 Rd7 25. g4 Qc3 26. gxf5 Qxf3 27. fxg6 hxg6 28. Bf1 Rd4 29. Qh3 Rg4+ 30. Bg2 Qxh3 0-1

[Event "ENG-ch Senior Over 65"]
[Site "Kenilworth"]
[Date "2025.04.25"]
[Round "3.10"]
[White "Clark, Robert G"]
[Black "Johnson, Richard J"]
[Result "1-0"]
[WhiteElo "2072"]
[BlackElo "1868"]
[PlyCount "63"]
[EventDate "2025.04.24"]
[EventType "swiss"]
[EventRounds "7"]
[EventCountry "ENG"]
[SourceTitle "BritBase"]
[Source "John Saunders"]
[SourceDate "1997.08.31"]
[SourceVersion "1"]
[SourceVersionDate "1997.08.31"]
[SourceQuality "1"]

1. e4 c5 2. Nf3 e6 3. d4 cxd4 4. Nxd4 a6 5. c4 Nf6 6. Bd3 Qc7 7. O-O d6 8. Nc3 Nbd7 9. Bg5 Be7 10. Rc1 O-O 11. Kh1 b6 12. f4 Bb7 13. f5 e5 14. Nd5 Qd8 15. Nxe7+ Qxe7 16. Ne2 Rac8 17. Nc3 h6 18. Bh4 g5 19. Bf2 Nc5 20. Qe2 a5 21. b3 Bc6 22. Bc2 Qb7 23. Rfe1 Rb8 24. Rcd1 Rfd8 25. h4 g4 26. h5 Kh7 27. Bh4 Nxh5 28. Qxg4 Nf4 29. Bxd8 Rxd8 30. Nd5 Bxd5 31. exd5 f6 32. g3 1-0

[Event "ENG-ch Senior Over 65"]
[Site "Kenilworth"]
[Date "2025.04.25"]
[Round "3.11"]
[White "Greatorex, Roger"]
[Black "Bray, Dave J"]
[Result "0-1"]
[WhiteElo "1744"]
[BlackElo "1966"]
[PlyCount "50"]
[EventDate "2025.04.24"]
[EventType "swiss"]
[EventRounds "7"]
[EventCountry "ENG"]
[SourceTitle "BritBase"]
[Source "John Saunders"]
[SourceDate "1997.08.31"]
[SourceVersion "1"]
[SourceVersionDate "1997.08.31"]
[SourceQuality "1"]

1. c4 e5 2. Nc3 Nf6 3. g3 Bb4 4. Bg2 Nc6 5. Nf3 O-O 6. Nd5 d6 7. Nxb4 Nxb4 8. a3 Nc6 9. d3 Bg4 10. h3 Bf5 11. g4 Bd7 12. g5 Nh5 13. Be3 f5 14. gxf6 Qxf6 15. Qd2 Nf4 16. Bxf4 exf4 17. d4 Rae8 18. O-O-O b6 19. b4 Re7 20. Nh2 Qh4 21. Rdf1 Rfe8 22. Nf3 Qf6 23. Re1 Be6 24. Qd3 d5 25. cxd5 Bxd5 0-1

[Event "ENG-ch Senior Over 65"]
[Site "Kenilworth"]
[Date "2025.04.25"]
[Round "3.12"]
[White "Hawkins, James N"]
[Black "Wynarczyk, Raymond"]
[Result "1/2-1/2"]
[WhiteElo "1931"]
[BlackElo "1813"]
[PlyCount "60"]
[EventDate "2025.04.24"]
[EventType "swiss"]
[EventRounds "7"]
[EventCountry "ENG"]
[SourceTitle "BritBase"]
[Source "John Saunders"]
[SourceDate "1997.08.31"]
[SourceVersion "1"]
[SourceVersionDate "1997.08.31"]
[SourceQuality "1"]

1. c4 e6 2. d4 d5 3. Nf3 Nf6 4. e3 Bb4+ 5. Bd2 Be7 6. Nc3 O-O 7. Qc2 a6 8. cxd5 exd5 9. Bd3 c5 10. dxc5 Bxc5 11. O-O Nc6 12. a3 Bg4 13. Be2 Bxf3 14. Bxf3 d4 15. Ne4 Ba7 16. Nxf6+ Qxf6 17. Bxc6 Rac8 18. Qd3 Rxc6 19. e4 Rfc8 20. Rac1 Qe6 21. Rxc6 Qxc6 22. h3 Qd6 23. Rc1 Rxc1+ 24. Bxc1 Qc5 25. Bd2 b5 26. Kf1 Qc4 27. Ke2 Bc5 28. f4 f6 29. b3 Qxd3+ 30. Kxd3 Bxa3 1/2-1/2

[Event "ENG-ch Senior Over 65"]
[Site "Kenilworth"]
[Date "2025.04.25"]
[Round "3.13"]
[White "Morris, Nigel W"]
[Black "Page, Mark Edward"]
[Result "1/2-1/2"]
[WhiteElo "1611"]
[BlackElo "2049"]
[PlyCount "80"]
[EventDate "2025.04.24"]
[EventType "swiss"]
[EventRounds "7"]
[EventCountry "ENG"]
[SourceTitle "BritBase"]
[Source "John Saunders"]
[SourceDate "1997.08.31"]
[SourceVersion "1"]
[SourceVersionDate "1997.08.31"]
[SourceQuality "1"]

1. d4 Nf6 2. c4 g6 3. Nc3 Bg7 4. e4 d6 5. Be2 O-O 6. Nf3 Na6 7. Be3 e5 8. d5 Ng4 9. Bg5 f6 10. Bh4 Nh6 11. Nd2 Qe8 12. f3 f5 13. Bf2 Bd7 14. a3 c5 15. dxc6 bxc6 16. b4 Nc7 17. Rc1 Ne6 18. O-O Nd4 19. Nb3 Nxb3 20. Qxb3 Be6 21. Rfd1 Qe7 22. Qa4 Rfc8 23. c5 dxc5 24. Bxc5 Qe8 25. Bf2 Nf7 26. b5 Bh6 27. Rb1 Bf8 28. bxc6 Qxc6 29. Qxc6 Rxc6 30. Nd5 Bxa3 31. Bb5 Bxd5 32. Rxd5 Rc7 33. Rd7 Rac8 34. Rxc7 Rxc7 35. exf5 gxf5 36. Bd3 Nd6 37. Ra1 Rc3 38. Be2 a5 39. Be1 Bc5+ 40. Kf1 Ra3 1/2-1/2

[Event "ENG-ch Senior Over 65"]
[Site "Kenilworth"]
[Date "2025.04.25"]
[Round "3.14"]
[White "Jackson, Sheila"]
[Black "Goodwin, Ed H"]
[Result "1-0"]
[WhiteElo "2031"]
[BlackElo "1876"]
[PlyCount "73"]
[EventDate "2025.04.24"]
[EventType "swiss"]
[EventRounds "7"]
[EventCountry "ENG"]
[SourceTitle "BritBase"]
[Source "John Saunders"]
[SourceDate "1997.08.31"]
[SourceVersion "1"]
[SourceVersionDate "1997.08.31"]
[SourceQuality "1"]

1. e4 g6 2. d4 Bg7 3. Nc3 c5 4. dxc5 Bxc3+ 5. bxc3 Qa5 6. Ne2 Qxc5 7. Qd4 Qxd4 8. cxd4 d5 9. exd5 Nf6 10. c4 O-O 11. Nc3 Bd7 12. Rb1 b6 13. f3 e6 14. Ba3 Re8 15. dxe6 Bxe6 16. Kf2 Bf5 17. Rc1 Bd7 18. Be2 a6 19. d5 Bc8 20. Rhd1 Nbd7 21. Na4 b5 22. cxb5 Rxe2+ 23. Kxe2 axb5 24. Nb2 Bb7 25. Bc5 Rxa2 26. Bd4 Nxd5 27. Ra1 Rxa1 28. Rxa1 Nf4+ 29. Kf2 Ne6 30. Bc3 Ndc5 31. Ra7 Bc6 32. Ke3 Bd5 33. h4 h6 34. Bb4 Bb7 35. Nd1 g5 36. hxg5 hxg5 37. Nc3 1-0

[Event "ENG-ch Senior Over 65"]
[Site "Kenilworth"]
[Date "2025.04.25"]
[Round "3.15"]
[White "Erdogan, Hassan"]
[Black "Collins, Nigel"]
[Result "1/2-1/2"]
[WhiteElo "1806"]
[BlackElo "1577"]
[PlyCount "44"]
[EventDate "2025.04.24"]
[EventType "swiss"]
[EventRounds "7"]
[EventCountry "ENG"]
[SourceTitle "BritBase"]
[Source "John Saunders"]
[SourceDate "1997.08.31"]
[SourceVersion "1"]
[SourceVersionDate "1997.08.31"]
[SourceQuality "1"]

1. Nf3 Nf6 2. c4 g6 3. b3 Bg7 4. Bb2 O-O 5. g3 c5 6. Bg2 Nc6 7. O-O d6 8. d3 e5 9. Nbd2 h6 10. a3 a5 11. Bc3 Rb8 12. e3 Bd7 13. Qc2 Re8 14. Bb2 Qc7 15. Rad1 Kh7 16. Nb1 Bf5 17. Nc3 e4 18. dxe4 Nxe4 19. Qc1 Nxc3 20. Bxc3 Bxc3 21. Qxc3 Ne5 22. Nxe5 dxe5 1/2-1/2

[Event "ENG-ch Senior Over 65"]
[Site "Kenilworth"]
[Date "2025.04.25"]
[Round "3.16"]
[White "Morrish, John"]
[Black "Wright, George A"]
[Result "1-0"]
[WhiteElo "1786"]
[BlackElo "1569"]
[PlyCount "101"]
[EventDate "2025.04.24"]
[EventType "swiss"]
[EventRounds "7"]
[EventCountry "ENG"]
[SourceTitle "BritBase"]
[Source "John Saunders"]
[SourceDate "1997.08.31"]
[SourceVersion "1"]
[SourceVersionDate "1997.08.31"]
[SourceQuality "1"]

1. e4 c6 2. d4 d5 3. Nc3 dxe4 4. f3 exf3 5. Nxf3 Nf6 6. Bc4 e6 7. O-O b5 8. Bd3 Qb6 9. Ne4 Nbd7 10. Kh1 Be7 11. Qe1 Bb7 12. b4 Nd5 13. a3 N7f6 14. Nc5 O-O-O 15. Ne5 h5 16. Nxf7 Bxc5 17. dxc5 Qc7 18. Nxh8 Rxh8 19. Qxe6+ Qd7 20. Qxd7+ Kxd7 21. c4 bxc4 22. Bxc4 h4 23. Bg5 h3 24. g3 Rh5 25. Bxf6 gxf6 26. Rad1 Ke6 27. Rf3 Re5 28. Bf1 Rh5 29. g4 Rg5 30. Bxh3 Kf7 31. Bg2 Rxg4 32. Rdf1 Ba6 33. R1f2 Rd4 34. Bh3 Rd1+ 35. Kg2 Re1 36. Kg3 Rg1+ 37. Bg2 Kg6 38. h3 Bc8 39. Kh2 Re1 40. Rg3+ Kf7 41. Bxd5+ cxd5 42. Rd3 Re5 43. Rfd2 Ke6 44. a4 Bb7 45. b5 Re4 46. Rd4 f5 47. R2d3 Re2+ 48. Kg3 Rc2 49. c6 Bc8 50. Rxd5 Rc1 51. Rd8 1-0

[Event "ENG-ch Senior Over 65"]
[Site "Kenilworth"]
[Date "2025.04.25"]
[Round "3.17"]
[White "Carpenter, David J"]
[Black "Clarke, Duncan"]
[Result "0-1"]
[WhiteElo "1624"]
[BlackElo "1541"]
[PlyCount "64"]
[EventDate "2025.04.24"]
[EventType "swiss"]
[EventRounds "7"]
[EventCountry "ENG"]
[SourceTitle "BritBase"]
[Source "John Saunders"]
[SourceDate "1997.08.31"]
[SourceVersion "1"]
[SourceVersionDate "1997.08.31"]
[SourceQuality "1"]

1. Nf3 d6 2. g3 e5 3. d3 g6 4. Bg2 Bg7 5. e4 Ne7 6. O-O Nbc6 7. Re1 O-O 8. Nbd2 Be6 9. Nf1 h6 10. h4 Qd7 11. Be3 Rad8 12. Qd2 Kh7 13. c3 f5 14. exf5 Nxf5 15. N1h2 Nxe3 16. Qxe3 b6 17. a3 Ne7 18. Rad1 Nd5 19. Qe2 Nf6 20. Nd2 Qf7 21. d4 Nh5 22. Bf3 Rde8 23. Bxh5 gxh5 24. dxe5 Bxe5 25. Nhf3 Bg7 26. Nd4 Bxd4 27. Qd3+ Kg8 28. Qxd4 c5 29. Qf4 Qxf4 30. gxf4 Rxf4 31. Ne4 Rg4+ 32. Kf1 Bc4+ 0-1

[Event "ENG-ch Senior Over 65"]
[Site "Kenilworth"]
[Date "2025.04.26"]
[Round "4.1"]
[White "Baker, Chris W"]
[Black "Townsend, M Paul"]
[Result "1/2-1/2"]
[WhiteElo "2151"]
[BlackElo "2149"]
[PlyCount "43"]
[EventDate "2025.04.24"]
[EventType "swiss"]
[EventRounds "7"]
[EventCountry "ENG"]
[SourceTitle "BritBase"]
[Source "John Saunders"]
[SourceDate "1997.08.31"]
[SourceVersion "1"]
[SourceVersionDate "1997.08.31"]
[SourceQuality "1"]

1. Nf3 Nf6 2. g3 d5 3. Bg2 e6 4. O-O Be7 5. d4 O-O 6. c4 dxc4 7. Qc2 a6 8. a4 b6 9. Ne5 Ra7 10. Rd1 Bb7 11. e4 Nc6 12. Nxc6 Bxc6 13. Nc3 Ba8 14. Qe2 c6 15. Qxc4 b5 16. Qe2 b4 17. Na2 Rd7 18. Be3 c5 19. dxc5 Rxd1+ 20. Rxd1 Qa5 21. b3 Bxc5 22. Bxc5 1/2-1/2

[Event "ENG-ch Senior Over 65"]
[Site "Kenilworth"]
[Date "2025.04.26"]
[Round "4.2"]
[White "De Coverly, Roger D"]
[Black "Jackson, Oliver A"]
[Result "0-1"]
[WhiteElo "1918"]
[BlackElo "2036"]
[PlyCount "106"]
[EventDate "2025.04.24"]
[EventType "swiss"]
[EventRounds "7"]
[EventCountry "ENG"]
[SourceTitle "BritBase"]
[Source "John Saunders"]
[SourceDate "1997.08.31"]
[SourceVersion "1"]
[SourceVersionDate "1997.08.31"]
[SourceQuality "1"]

1. e4 c5 2. Nf3 Nc6 3. g3 g6 4. Bg2 Bg7 5. O-O d6 6. c3 e5 7. d3 Nge7 8. Na3 O-O 9. Be3 b6 10. d4 Ba6 11. Re1 exd4 12. cxd4 Nb4 13. Bf1 Bb7 14. Bd2 Nec6 15. Bc3 d5 16. e5 Re8 17. Nb5 Bf8 18. a3 Na6 19. Rc1 Nc7 20. Nxc7 Qxc7 21. h4 Rad8 22. h5 Bc8 23. Bd2 Bg4 24. hxg6 hxg6 25. Be3 Qc8 26. Be2 c4 27. Nh2 Bxe2 28. Qxe2 Bg7 29. Qf3 Qf5 30. Kg2 Qxf3+ 31. Nxf3 b5 32. Rh1 a5 33. Rh3 b4 34. axb4 axb4 35. Bg5 Rd7 36. Bf6 Re6 37. Bxg7 Kxg7 38. Ng5 Nxd4 39. Nxe6+ Nxe6 40. f4 Kf8 41. Kf3 Rc7 42. Rh8+ Ke7 43. g4 Nd4+ 44. Ke3 Nb3 45. Rf1 d4+ 46. Kf2 c3 47. f5 gxf5 48. gxf5 c2 49. f6+ Ke6 50. Re8+ Kd5 51. e6 fxe6 52. Re7 Rc8 53. f7 Rf8 0-1

[Event "ENG-ch Senior Over 65"]
[Site "Kenilworth"]
[Date "2025.04.26"]
[Round "4.3"]
[White "Moore, Geoffrey R"]
[Black "Dilleigh, Stephen P"]
[Result "0-1"]
[WhiteElo "1983"]
[BlackElo "2024"]
[PlyCount "136"]
[EventDate "2025.04.24"]
[EventType "swiss"]
[EventRounds "7"]
[EventCountry "ENG"]
[SourceTitle "BritBase"]
[Source "John Saunders"]
[SourceDate "1997.08.31"]
[SourceVersion "1"]
[SourceVersionDate "1997.08.31"]
[SourceQuality "1"]

1. e4 e6 2. d4 d5 3. e5 c5 4. c3 Qb6 5. Nf3 Nc6 6. a3 c4 7. Nbd2 Na5 8. Be2 Bd7 9. O-O Ne7 10. Re1 Qc7 11. Rb1 Nc8 12. Nf1 Nb6 13. Bf4 h6 14. h4 O-O-O 15. Qd2 Be7 16. Bh2 Rdf8 17. Kh1 Ba4 18. h5 Bb3 19. Qf4 Bc2 20. Rbc1 Bh7 21. Bd1 Qd7 22. N1d2 Qb5 23. Bc2 Qxb2 24. Bxh7 Rxh7 25. Qe3 Qb5 26. a4 Nxa4 27. Ra1 Qc6 28. Reb1 b5 29. Ne1 a6 30. Nc2 Qd7 31. Nb4 Bxb4 32. Rxb4 Nc6 33. Rbb1 Qe7 34. Nf3 Rhh8 35. Qd2 Kc7 36. Qc2 Ra8 37. Bf4 g5 38. hxg6 fxg6 39. Bc1 Qf7 40. Ba3 Qf5 41. Bd6+ Kc8 42. Qc1 Nb6 43. Qa3 Kb7 44. Qc5 g5 45. Kg1 g4 46. Nh4 Qd3 47. g3 Qxc3 48. Ng6 Qxd4 49. Nxh8 Qxc5 50. Bxc5 Rxh8 51. Kg2 d4 52. f4 gxf3+ 53. Kxf3 Nxe5+ 54. Ke4 Nc6 55. Bxd4 Nxd4 56. Kxd4 Rg8 57. Ra3 Rg5 58. Rf3 Rd5+ 59. Kc3 a5 60. Re1 b4+ 61. Kc2 e5 62. Rf6 Ka6 63. Rxh6 Kb5 64. g4 b3+ 65. Kb2 Rd2+ 66. Kb1 Na4 67. Rxe5+ Kb4 68. Re3 Rd1# 0-1

[Event "ENG-ch Senior Over 65"]
[Site "Kenilworth"]
[Date "2025.04.26"]
[Round "4.4"]
[White "Littlewood, Paul E"]
[Black "Moore, John C"]
[Result "1-0"]
[WhiteElo "2323"]
[BlackElo "1938"]
[PlyCount "49"]
[EventDate "2025.04.24"]
[EventType "swiss"]
[EventRounds "7"]
[EventCountry "ENG"]
[SourceTitle "BritBase"]
[Source "John Saunders"]
[SourceDate "1997.08.31"]
[SourceVersion "1"]
[SourceVersionDate "1997.08.31"]
[SourceQuality "1"]

1. e4 e5 2. Nf3 Nc6 3. Bb5 a6 4. Ba4 Nf6 5. d3 b5 6. Bb3 Be7 7. O-O O-O 8. a4 Bb7 9. axb5 axb5 10. Rxa8 Bxa8 11. Nc3 b4 12. Nd5 Na5 13. Nxe7+ Qxe7 14. Ba4 Bc6 15. c3 Rb8 16. Bc2 bxc3 17. bxc3 d5 18. exd5 Nxd5 19. Bd2 f6 20. Qa1 Qc5 21. Rb1 Rxb1+ 22. Qxb1 Qb6 23. c4 Ne7 24. Qa2 Nb7 25. c5+ 1-0

[Event "ENG-ch Senior Over 65"]
[Site "Kenilworth"]
[Date "2025.04.26"]
[Round "4.5"]
[White "Bray, Dave J"]
[Black "Snape, Ian L"]
[Result "0-1"]
[WhiteElo "1966"]
[BlackElo "2098"]
[PlyCount "110"]
[EventDate "2025.04.24"]
[EventType "swiss"]
[EventRounds "7"]
[EventCountry "ENG"]
[SourceTitle "BritBase"]
[Source "John Saunders"]
[SourceDate "1997.08.31"]
[SourceVersion "1"]
[SourceVersionDate "1997.08.31"]
[SourceQuality "1"]

1. e4 c5 2. Nf3 d6 3. d4 cxd4 4. Nxd4 Nf6 5. Nc3 a6 6. Be2 e5 7. Nb3 Be7 8. O-O Be6 9. Be3 Nbd7 10. f3 Rc8 11. Qd2 Bc4 12. Bxc4 Rxc4 13. Rfd1 Qc7 14. Rac1 b5 15. g4 b4 16. Nd5 Nxd5 17. exd5 O-O 18. c3 bxc3 19. Rxc3 Rxc3 20. Qxc3 Qd8 21. Na5 Bg5 22. Nc6 Bxe3+ 23. Qxe3 Qh4 24. Qa7 Nf6 25. Ne7+ Kh8 26. Nf5 Qh3 27. Qe7 Kg8 28. Qxd6 Qxf3 29. Ne7+ Kh8 30. Ng6+ hxg6 31. Qxf8+ Kh7 32. Rf1 Qxg4+ 33. Kh1 Qe4+ 34. Kg1 Qxd5 35. Qa3 Nh5 36. Qb3 Qd4+ 37. Kh1 Nf4 38. Rxf4 Qxf4 39. Qh3+ Qh6 40. Qxh6+ Kxh6 41. b4 Kg5 42. a4 Kf6 43. b5 axb5 44. a5 b4 45. a6 b3 46. a7 b2 47. a8=Q b1=Q+ 48. Kg2 Qc2+ 49. Kg1 Qd1+ 50. Kg2 Qe2+ 51. Kg1 Qg4+ 52. Kh1 g5 53. Qd8+ Kg6 54. Qd6+ Qe6 55. Qd3+ f5 0-1

[Event "ENG-ch Senior Over 65"]
[Site "Kenilworth"]
[Date "2025.04.26"]
[Round "4.6"]
[White "Bonafont, Philip R"]
[Black "Spanton, Tim R"]
[Result "0-1"]
[WhiteElo "1976"]
[BlackElo "1922"]
[PlyCount "52"]
[EventDate "2025.04.24"]
[EventType "swiss"]
[EventRounds "7"]
[EventCountry "ENG"]
[SourceTitle "BritBase"]
[Source "John Saunders"]
[SourceDate "1997.08.31"]
[SourceVersion "1"]
[SourceVersionDate "1997.08.31"]
[SourceQuality "1"]

1. e4 c5 2. Nf3 g6 3. c3 d5 4. exd5 Qxd5 5. d4 Bg7 6. Nbd2 cxd4 7. Bc4 Qh5 8. Qb3 Nh6 9. Nxd4 O-O 10. N2f3 Nc6 11. Nxc6 bxc6 12. O-O Qa5 13. Re1 e6 14. Bf4 Ba6 15. Bxa6 Qxa6 16. Rad1 Rfd8 17. Bc7 Rd5 18. c4 Rc5 19. Re4 Rc8 20. Rd7 Rf5 21. g4 Rc5 22. Qd3 Rd5 23. Rd4 Bxd4 24. Rxd5 cxd5 25. Qxd4 Rxc7 26. Qf4 Qxc4 0-1

[Event "ENG-ch Senior Over 65"]
[Site "Kenilworth"]
[Date "2025.04.26"]
[Round "4.7"]
[White "Myall, Ivan J"]
[Black "Leeson, Chris JP"]
[Result "1-0"]
[WhiteElo "1913"]
[BlackElo "1750"]
[PlyCount "67"]
[EventDate "2025.04.24"]
[EventType "swiss"]
[EventRounds "7"]
[EventCountry "ENG"]
[SourceTitle "BritBase"]
[Source "John Saunders"]
[SourceDate "1997.08.31"]
[SourceVersion "1"]
[SourceVersionDate "1997.08.31"]
[SourceQuality "1"]

1. e4 e5 2. Bc4 Nf6 3. d3 d6 4. Nf3 Be7 5. O-O c5 6. c3 Nc6 7. a4 a5 8. h3 h6 9. Be3 O-O 10. Qb3 Bd7 11. Nbd2 Nh7 12. d4 Qc8 13. Kh2 cxd4 14. cxd4 Bf6 15. dxe5 Nxe5 16. Nxe5 Bxe5+ 17. f4 Bf6 18. Rac1 Bc6 19. Bb5 Qd7 20. Bxc6 bxc6 21. Qc2 Rfc8 22. Nc4 Bd8 23. Rfd1 Bc7 24. Nxd6 Bxd6 25. e5 Qe8 26. Rxd6 Rab8 27. Rxc6 Rxc6 28. Qxc6 Qxc6 29. Rxc6 f6 30. e6 g5 31. f5 h5 32. Rd6 h4 33. Bb6 Rb7 34. Rd8+ 1-0

[Event "ENG-ch Senior Over 65"]
[Site "Kenilworth"]
[Date "2025.04.26"]
[Round "4.8"]
[White "Donnelly, Michael J"]
[Black "Clark, Robert G"]
[Result "1/2-1/2"]
[WhiteElo "1913"]
[BlackElo "2072"]
[PlyCount "43"]
[EventDate "2025.04.24"]
[EventType "swiss"]
[EventRounds "7"]
[EventCountry "ENG"]
[SourceTitle "BritBase"]
[Source "John Saunders"]
[SourceDate "1997.08.31"]
[SourceVersion "1"]
[SourceVersionDate "1997.08.31"]
[SourceQuality "1"]

1. d4 Nf6 2. c4 c5 3. d5 e6 4. Nc3 exd5 5. cxd5 d6 6. e4 g6 7. f3 Bg7 8. Nge2 O-O 9. Ng3 Na6 10. Be2 Nc7 11. O-O a6 12. a4 Bd7 13. Bg5 b5 14. axb5 axb5 15. Rxa8 Qxa8 16. Qd2 Rc8 17. Bh6 c4 18. Nd1 Qa2 19. Bxg7 Kxg7 20. Qd4 Ra8 21. Ne3 Qa7 22. Qd2 1/2-1/2

[Event "ENG-ch Senior Over 65"]
[Site "Kenilworth"]
[Date "2025.04.26"]
[Round "4.9"]
[White "Waters, Andrew C"]
[Black "Jackson, Sheila"]
[Result "0-1"]
[WhiteElo "1841"]
[BlackElo "2031"]
[PlyCount "112"]
[EventDate "2025.04.24"]
[EventType "swiss"]
[EventRounds "7"]
[EventCountry "ENG"]
[SourceTitle "BritBase"]
[Source "John Saunders"]
[SourceDate "1997.08.31"]
[SourceVersion "1"]
[SourceVersionDate "1997.08.31"]
[SourceQuality "1"]

1. e4 c5 2. a3 Nf6 3. Nc3 Nc6 4. Nf3 e6 5. Be2 d5 6. exd5 exd5 7. d4 c4 8. O-O Be7 9. Ne5 O-O 10. Nxc6 bxc6 11. Bf4 Be6 12. Bf3 Rc8 13. Qd2 h6 14. Rfe1 Bf5 15. Re2 Bd6 16. Be5 Bxe5 17. dxe5 Nd7 18. Rae1 Nc5 19. Qf4 Qg5 20. Qxg5 hxg5 21. g4 Bg6 22. Rd2 Rb8 23. Nd1 Rfe8 24. c3 Nd3 25. Re3 Nxe5 26. Be2 f6 27. h4 Bd3 28. Bxd3 Nxd3 29. Rxe8+ Rxe8 30. hxg5 fxg5 31. Ne3 Nf4 32. Nc2 Rb8 33. Nb4 Rb6 34. Kf1 Kf7 35. f3 a5 36. Na2 Nd3 37. Ke2 Nxb2 38. Nc1 Na4 39. Rc2 Nc5 40. Ke3 Ne6 41. Ne2 Rb3 42. Nd4 Nxd4 43. Kxd4 Ke6 44. Kc5 Rxa3 45. Kxc6 Ke5 46. Re2+ Kf4 47. Kxd5 Rxc3 48. Ra2 Kxf3 49. Kd4 Rc1 50. Rxa5 Kxg4 51. Ke3 c3 52. Ra4+ Kg3 53. Rc4 g4 54. Ke2 g5 55. Rc8 Kg2 56. Rc4 Kh3 0-1

[Event "ENG-ch Senior Over 65"]
[Site "Kenilworth"]
[Date "2025.04.26"]
[Round "4.10"]
[White "McNally, Richard J E"]
[Black "Kenning, Paul H"]
[Result "1-0"]
[WhiteElo "1926"]
[BlackElo "1771"]
[PlyCount "45"]
[EventDate "2025.04.24"]
[EventType "swiss"]
[EventRounds "7"]
[EventCountry "ENG"]
[SourceTitle "BritBase"]
[Source "John Saunders"]
[SourceDate "1997.08.31"]
[SourceVersion "1"]
[SourceVersionDate "1997.08.31"]
[SourceQuality "1"]

1. e4 e6 2. d4 d5 3. e5 c5 4. c3 Nc6 5. Nf3 Bd7 6. Bd3 cxd4 7. cxd4 Rc8 8. Nc3 Qb6 9. O-O Nge7 10. Re1 a6 11. a3 Ng6 12. h4 Nxd4 13. h5 Ne7 14. Nxd4 Qxd4 15. Be3 Qxe5 16. Bc2 Nf5 17. Bg5 Ne3 18. Bxe3 Bd6 19. g3 Qf6 20. Nxd5 Qxb2 21. Nb6 Rc6 22. Be4 Rxb6 23. Rb1 1-0